000 00746nam a2200253Ia 4500
003 OSt
005 20220925203813.0
006 a|||||r|||| 00| 0
007 ta
008 220923b |||||||| |||| 00| 0 eng d
020 _a0136373895
037 _cGeneral Book
040 _aRTL
_cRTL
_beng
041 _2eng
_aeng
082 _aB28930bX:8, L9
100 _aMoscowitz Herbert
_9267049
245 0 _aOperations research techniques for management
260 _aEnglewood
_bCliffs Prentice-Hall
_c1979
300 _axv,793p.
_ccm.
650 _aOperational Research
700 _a Wright Gordon P
_9127543
942 _hB28930bX:8, L9
_cGB
_2CC
999 _c547783
_d547783